[Event "GER-ch Blitz Women 2020"]
[Site "Magdeburg"]
[Date "2020.08.15"]
[Round "5.1"]
[White "Mader, Lena"]
[Black "Paehtz, Elisabeth"]
[Result "0-1"]
[WhiteElo "1839"]
[BlackElo "2473"]
[Annotator "TA"]
[PlyCount "68"]
[EventDate "2020.07.28"]
[EventType "tourn"]
[EventCountry "GER"]
[SourceTitle "playchess.com"]
[Source "ChessBase"]
[SourceQuality "1"]

{[%evp 9,68,18,26,-2,38,29,60,58,72,62,57,23,15,-125,-92,-162,-162,-509,-511,-723,-714,-723,-714,-720,-710,-836,-833,-793,-690,-653,-667,-683,-656,-676,-663,-853,-864,-790,-772,-1084,-1047,-1147,-1131,-1710,-1637,-2268,-2213,-2005,-1984,-29982,-29983,-29983,-29962,-29961,-6303,-29984,-29985,-29988,-29989,-29989,-29990]} 1. c4 b6 2. Nc3 Bb7 3. Nf3 e6 4. e4 Bb4 5. Qb3 Na6 {[%cal Bb8a6,Ba6c5,Bc5b3][%mdl 32]} 6. a3 {A10: English Opening: Unusual Replies for Black.} Bxc3 7. Qxc3 Bxe4 8. Qxg7 {White is slightly better.} Qf6 9. Qxf6 Nxf6 {[#]} 10. Be2 $146 ({Predecessor:} 10. d3 Bxf3 11. gxf3 Rg8 12. d4 Nb8 13. Be3 Nc6 14. Bd3 O-O-O 15. Rc1 Ne7 16. Kd2 {0-1 (50) Cramling,D (2420)-Schussler,H (2465) Sweden 1993}) 10... Nc5 {[#] ...Nb3 is the strong threat.} 11. O-O (11. b4 $1 $11 Nb3 12. Bb2) 11... Nb3 12. Ra2 (12. d3 $17) 12... Bb1 $36 {[%mdl 2048] Black has strong initiative.} 13. d4 $2 (13. Ra1 {was the crucial defense.} Nxa1 14. b4) 13... Bxa2 14. d5 Nxc1 15. Rxc1 exd5 16. cxd5 Bxd5 17. Rxc7 Bc6 18. Ne5 Kd8 19. Rxc6 dxc6 20. Nxf7+ Kc7 {White must now prevent ...Rhe8.} 21. Nxh8 Rxh8 22. g3 Rd8 23. b3 Rd2 24. Bf3 Rd3 25. Be2 Rxb3 26. h4 Rxa3 27. g4 Ra4 28. g5 Nd5 29. Bd1 Rxh4 30. Kf1 Nf4 {[%cal Rh4h1]} 31. Ke1 a5 {[%cal Ba7a5,Ba5a4,Ba4a3][%mdl 32]} 32. Bf3 a4 {Black mates.} 33. Kd2 a3 34. Kc2 {[#]} Rh2 $1 {White did not feel at home in the position after the opening.} 0-1

[Event "GER-ch Blitz Women 2020"]
[Site "Magdeburg"]
[Date "2020.08.15"]
[Round "5.2"]
[White "Voicu-Jagodzinsky, Carmen"]
[Black "Braun, Kristin"]
[Result "1-0"]
[WhiteElo "2244"]
[BlackElo "1918"]
[Annotator "TA"]
[PlyCount "105"]
[EventDate "2020.07.28"]
[EventType "tourn"]
[EventCountry "GER"]
[SourceTitle "playchess.com"]
[Source "ChessBase"]
[SourceQuality "1"]

{[%evp 11,104,-7,9,-2,13,12,15,-127,15,17,35,22,39,37,46,43,42,24,90,68,76,46,55,49,68,39,92,63,95,93,116,24,50,56,72,36,114,112,217,181,208,187,217,212,233,213,414,408,386,357,1132,416,410,395,668,639,762,729,746,738,761,698,912,854,29987,29988,29989,29990,29992,29973,29971,1066,1171,0,29970,29970,29986,29986,29990,29991,29993,29992,29993,29993,29993,29993,29993,29993,29993,29994,29997,29998,29998,29999,29999]} 1. Nf3 g6 2. g3 Bg7 3. Bg2 d6 4. c4 e5 5. d3 Nc6 6. Nc3 f5 7. a3 {A26: English Opening vs King's Indian with ...Nc6 and d3.} Nf6 8. Qc2 O-O 9. b4 {[#]} (9. O-O $11 {keeps the balance.}) 9... a5 $146 (9... e4 $1 $17 {[%cal Re4f3][%mdl 512]} 10. Nd2 (10. dxe4 fxe4) 10... a5) ({Predecessor:} 9... Ne7 10. Bb2 h6 11. O-O g5 12. e3 Ng6 13. Rfe1 Qe8 14. Rac1 c6 15. b5 Ne7 {0-1 (66) Jouhaneau,J (1919)-Marchal,J (2083) Metz 2006}) 10. b5 $11 Ne7 11. Bb2 Rb8 12. e3 b6 13. O-O Bb7 14. Rad1 e4 (14... h6 $11) 15. Nd4 exd3 16. Qxd3 {Threatens to win with Bxb7.} Bxg2 17. Kxg2 {Hoping for Ne6.} Qc8 18. f3 Re8 ({Black should play} 18... Nd7 $14) 19. Rfe1 Qd7 20. Re2 Rbd8 21. Nc2 ({White should try} 21. Nd5 $16) 21... Nc8 22. Nd5 Nxd5 23. Qxd5+ (23. Bxg7 {keeps more tension.} Nf4+ 24. exf4 Rxe2+ 25. Qxe2 Qxg7 26. Re1) 23... Qe6 {[#] White leaves nothing to chance now.} (23... Qf7 $14 24. Bxg7 Kxg7) 24. Bxg7 $1 $16 Qxd5 (24... Kxg7 $16 25. Nd4 Qf7) 25. cxd5 $18 Kxg7 26. Nd4 Rd7 27. Ne6+ Kg8 28. Rc1 Rxe6 $2 (28... Ne7 {was called for.}) 29. dxe6 {[%mdl 4096] Endgame KRR-KRN} Re7 30. Rec2 Na7 $2 (30... c5 31. bxc6 Rxe6) 31. a4 (31. Rxc7 $142 Rxc7 32. Rxc7 Nxb5 33. Rc8+ Kg7 34. e7) 31... c5 32. bxc6 Rc7 $2 (32... Rxe6 33. Rb1 Nc8) 33. e4 Kf8 34. exf5 gxf5 35. g4 fxg4 36. fxg4 Ke7 37. Re2 Rxc6 38. Rf1 Nc8 39. Rf7+ {[%mdl 64] Double Attack} Ke8 40. Rxh7 Rc4 41. Rh8+ (41. Rf2 $142 Rxg4+ 42. Kf3 Rg6 43. Rh8+ Ke7 44. Rxc8 Rf6+ 45. Kg3 Rg6+ 46. Kh4) 41... Ke7 42. Rh7+ (42. g5 $18 d5 43. Rh7+ Kf8 44. e7+ Nxe7 45. Rexe7) 42... Ke8 $1 43. Rf2 {White mates.} Ne7 44. Rff7 Rc2+ 45. Kg3 Rc3+ 46. Kf2 Rc2+ 47. Ke3 Ng6 48. Ra7 Rc3+ 49. Kd4 Rc8 50. Rhg7 Ne7 51. Raxe7+ Kf8 52. Ref7+ Ke8 53. Rg8# {Accuracy: White = 69%, Black = 45%.} 1-0

[Event "GER-ch Blitz Women 2020"]
[Site "Magdeburg"]
[Date "2020.08.15"]
[Round "5.3"]
[White "Leib, Britta"]
[Black "Osmanodja, Filiz"]
[Result "0-1"]
[WhiteElo "1903"]
[BlackElo "2293"]
[Annotator "TA"]
[PlyCount "39"]
[EventDate "2020.07.28"]
[EventType "tourn"]
[EventCountry "GER"]
[SourceTitle "playchess.com"]
[Source "ChessBase"]
[SourceQuality "1"]

{[%evp 16,39,23,0,-2,-22,0,-79,-47,-188,-180,-309,-305,-292,-247,-300,-293,-612,-140,-135,0,0,0,0,0,0]} 1. e4 c5 2. Nf3 d6 3. d4 cxd4 4. Nxd4 Nf6 5. Nc3 Nc6 6. Be2 e5 7. Nf3 Be7 8. h3 h6 9. Be3 O-O {B58: Classical Sicilian: 6 Be2.} 10. Qd2 a6 11. O-O-O (11. Nh2 $11 {keeps the balance.}) 11... b5 {[%cal Bb7b5,Bb5b4][%mdl 32] Black is better.} 12. a3 {[#]} ({White should try} 12. g4 $15) 12... b4 $1 $19 {[%cal Rb4c3]} 13. axb4 (13. Nd5 $142 bxa3 14. Nxf6+ Bxf6 15. b3 (15. bxa3 Be6 $17)) 13... Nxb4 {[#]} 14. Bc4 $146 ({Predecessor:} 14. g4 Qa5 15. Kb1 Nxe4 16. Qe1 Bb7 17. Bc4 Nxc3+ 18. Qxc3 Bxf3 19. g5 Bxd1 20. Rxd1 {0-1 (35) Zaryvkina,A (2008)-Charochkina,D (2235) Moscow 2007}) 14... Be6 15. Bxe6 fxe6 16. Bxh6 $2 (16. Bc5 dxc5 17. Qxd8 Bxd8 18. Nxe5) 16... gxh6 $2 (16... Qa5 $19 {( -> ...Qa1+)} 17. Kb1 Nxe4) 17. Qxh6 $17 Qa5 (17... Qe8 $17 {White must now prevent ...Qh5.} 18. Qg5+ Kf7) 18. Qg6+ $1 $11 {The position is equal.} Kh8 {[#] And now ...Rg8 would win.} 19. Ng5 Qa1+ 20. Nb1 {[%mdl 32768] Accuracy: White = 39%, Black = 46%. . Loss on time!?} 0-1

[Event "GER-ch Blitz Women 2020"]
[Site "Magdeburg"]
[Date "2020.08.15"]
[Round "5.4"]
[White "Heinemann, Josefine"]
[Black "Michna, Marta"]
[Result "1/2-1/2"]
[WhiteElo "2281"]
[BlackElo "2350"]
[Annotator "TA"]
[PlyCount "80"]
[EventDate "2020.07.28"]
[EventType "tourn"]
[EventCountry "GER"]
[SourceTitle "playchess.com"]
[Source "ChessBase"]
[SourceQuality "1"]

{[%evp 13,80,42,36,27,34,21,61,55,54,28,56,50,111,73,72,56,46,47,80,56,113,83,174,148,138,146,142,131,141,91,101,53,48,48,52,45,63,14,14,12,99,39,42,0,17,-29,-28,-23,0,0,12,0,0,-18,0,0,0,0,0,0,0,-42,-40,-41,-28,-93,-40,-78,-76]} 1. e4 e6 2. d4 d5 3. Nd2 Nf6 4. e5 Nfd7 5. Bd3 c5 6. c3 Nc6 7. Ne2 a5 8. a4 {C06: French Tarrasch: 3...Nf6 4 e5 Nfd7 5 Bd3 main lines.} cxd4 9. cxd4 Nb6 10. O-O {White is slightly better.} Bd7 11. b3 {[#]} Nb4 $146 ({Predecessor:} 11... Bb4 12. f4 f5 13. exf6 gxf6 14. f5 e5 15. dxe5 Nxe5 16. Nf3 O-O 17. Be3 Nc8 {1-0 (25) Jarrah,K (2019)-Hruska,T (2118) Czechia 2005}) 12. Bb1 Bc6 (12... Nc8 $14) 13. Nf3 Be7 14. Ba3 Rc8 15. Qd2 h6 16. Nc3 Qd7 (16... Na8 $14) 17. Ne1 g5 (17... Qc7 $16) 18. Nd3 Nxd3 19. Bxd3 Bxa3 20. Rxa3 Qe7 21. Nb1 Ra8 22. Rc1 O-O 23. Ra2 f6 24. exf6 Qxf6 25. Qe3 Rae8 26. Re2 Nc8 (26... Nd7 $11 {remains equal.}) 27. Rce1 ({White should play} 27. Nd2 $16) 27... Nd6 $14 28. g3 Bd7 29. Qe5 (29. Nc3 {is interesting.} Kg7 30. Bc2 Kg8 31. Qd2 Rc8 32. Bd1) 29... Qxe5 30. Rxe5 Nf7 31. R5e3 Nd6 32. Kg2 Rc8 33. h4 Rf6 34. hxg5 hxg5 35. Rh1 Nf5 36. Bxf5 Rxf5 37. Nd2 Rc2 38. Rd1 Kg7 39. Rf3 (39. Kg1 $11) 39... Kf6 (39... g4 $17 40. Rxf5 exf5) 40. Rxf5+ exf5 {Accuracy: White = 52%, Black = 60%.} 1/2-1/2

[Event "GER-ch Blitz Women 2020"]
[Site "Magdeburg"]
[Date "2020.08.15"]
[Round "5.5"]
[White "Zschischang, Marine"]
[Black "Scognamiglio, Stefanie"]
[Result "1/2-1/2"]
[WhiteElo "2070"]
[BlackElo "2097"]
[Annotator "TA"]
[PlyCount "70"]
[EventDate "2020.07.28"]
[EventType "tourn"]
[EventCountry "GER"]
[SourceTitle "playchess.com"]
[Source "ChessBase"]
[SourceQuality "1"]

{[%evp 14,70,14,4,16,0,22,-37,-31,-48,-46,-38,-43,-47,-47,-47,-27,-27,23,-26,5,5,105,93,104,87,99,118,141,140,140,140,140,141,158,167,174,129,140,95,140,93,93,93,117,117,117,115,108,83,83,83,83,83,83,75,81,0,82]} 1. d4 Nf6 2. Nf3 c5 3. e3 e6 4. Bd3 d5 5. c3 Nc6 6. Nbd2 Be7 7. O-O O-O 8. Re1 a6 {D05: Colle System with ...e6.} 9. Bc2 {[#]} b5 $146 ({Predecessor:} 9... Bd7 10. Nf1 cxd4 11. exd4 Bd6 12. Bg5 h6 13. Bh4 Be7 14. Qd3 g6 15. Qd2 Kg7 16. h3 {1-0 (50) Dudnikov,N-Juravsky,D Novoshachtinsk 2007}) 10. e4 (10. dxc5 $11 Bxc5 11. a4) 10... cxd4 $15 {Black is slightly better.} 11. cxd4 dxe4 12. Nxe4 Bb7 13. Nc5 Bxc5 14. dxc5 Qxd1 15. Rxd1 Rad8 16. Bg5 Rxd1+ 17. Rxd1 Rd8 (17... Nb4 $11 {remains equal.} 18. Bb1 Rc8) 18. Rxd8+ $16 Nxd8 19. Ne5 Bd5 20. a3 Nc6 21. Nxc6 Bxc6 22. Bxf6 $1 gxf6 {[%mdl 4096] Endgame KB-KB} 23. f4 h6 24. Kf2 f5 25. g3 Kf8 26. Ke3 Ke7 27. Kd4 f6 28. b4 Be8 29. Bd1 Kd7 30. Bf3 Kc7 31. h4 Bd7 32. Bh5 Kc6 33. Bf7 Kc7 34. Bg8 Kc6 35. Bf7 Kc7 $1 {Accuracy: White = 69%, Black = 82%.} 1/2-1/2

[Event "GER-ch Blitz Women 2020"]
[Site "Magdeburg"]
[Date "2020.08.15"]
[Round "5.6"]
[White "Frey, Alisa"]
[Black "Skibbe, Diana"]
[Result "0-1"]
[WhiteElo "2087"]
[BlackElo "1991"]
[Annotator "TA"]
[PlyCount "80"]
[EventDate "2020.07.28"]
[EventType "tourn"]
[EventCountry "GER"]
[SourceTitle "playchess.com"]
[Source "ChessBase"]
[SourceQuality "1"]

{[%evp 14,80,30,18,43,31,37,-15,39,-16,30,-12,23,0,31,-222,-226,-244,-228,-233,-231,-269,-269,-277,-276,-260,-257,-266,-265,-346,-354,-583,-566,-843,-843,-902,-902,-885,-902,-839,-855,-798,-788,-766,-747,-901,-882,-852,-821,-755,-739,-1366,-1276,-1207,-1096,-853,-816,-733,-710,-29974,-29971,-29966,-29965,-29973,-29975,-29975,-29975,-5612,-5288]} 1. e4 e5 2. Nf3 Nf6 3. Nc3 d6 4. Bc4 Be7 5. d3 c6 6. a4 Nbd7 7. O-O O-O 8. h3 h6 {C24: Bishop's Opening: 2...Nf6.} 9. Re1 Re8 {[#]} 10. Ne2 $146 (10. Be3 $14) ({Predecessor:} 10. Be3 Nf8 11. d4 Qc7 12. Qd3 Bd7 13. d5 Ng6 14. a5 Nh5 15. Qd1 Nhf4 16. a6 {½-½ (37) Cruzado Duenas,C (2584)-Bescos Anzano,M (2516) ICCF email 2010}) 10... Nf8 (10... d5 $11 11. exd5 cxd5) 11. c3 (11. Ng3 $14) 11... Be6 12. Qb3 Rb8 13. Ng3 a6 {[#] Threatens to win with ...d5.} 14. Nf5 $2 {[%mdl 8192]} (14. Bxe6 $14 Nxe6 15. Nf5) 14... d5 $19 15. Nxe7+ Qxe7 16. exd5 cxd5 17. Nxe5 dxc4 18. dxc4 N8d7 19. Bf4 Nxe5 20. Bxe5 Rbc8 21. Rad1 Bxc4 22. Qb6 $2 (22. Qc2) 22... Nd7 {[%mdl 64] Double Attack} 23. Qd4 Nxe5 24. f4 {[#]} Nf3+ $1 25. gxf3 Qxe1+ 26. Rxe1 Rxe1+ 27. Kf2 Re2+ {[%mdl 64] Double Attack} 28. Kg3 b5 29. axb5 axb5 30. f5 Rce8 31. f6 gxf6 32. Qxf6 R8e6 33. Qd8+ Kh7 34. Qd4 Rg6+ 35. Kf4 Ree6 36. b4 Rgf6+ 37. Kg3 Rd6 38. Qe4+ Rg6+ 39. Kf2 Rd2+ 40. Ke1 Re2+ {White got outplayed after the opening. Accuracy: White = 40%, Black = 73%.} 0-1

[Event "GER-ch Blitz Women 2020"]
[Site "Magdeburg"]
[Date "2020.08.15"]
[Round "5.7"]
[White "Zimmer, Elke"]
[Black "Sieber, Fiona"]
[Result "0-1"]
[WhiteElo "1952"]
[BlackElo "2201"]
[Annotator "TA"]
[PlyCount "26"]
[EventDate "2020.07.28"]
[EventType "tourn"]
[EventCountry "GER"]
[SourceTitle "playchess.com"]
[Source "ChessBase"]
[SourceQuality "1"]

{[%evp 11,25,11,18,-33,25,28,115,-839,-871,-825,-845,-29991,-29992,-29992,-29993,-29999]} 1. e4 e5 2. Nf3 Nc6 3. d4 exd4 4. Nxd4 Nf6 5. Nxc6 bxc6 6. Bd3 d5 7. O-O {C45: Scotch Game.} (7. Qe2 $11) 7... Be7 (7... dxe4 $15 8. Qe1 Bf5) 8. e5 $11 Ng4 {[#]} (8... Nd7 $1 $11 {remains equal.}) 9. f4 $146 {[%mdl 8192] White does not recover from this.} (9. Qe2 $16) ({Predecessor:} 9. Qe2 f6 10. e6 Ne5 11. Bf5 Qd6 12. f4 Ng6 13. Qh5 O-O 14. Re1 Qb4 15. c3 {1-0 (56) Bernotas,A (2332)-Chakravarthi,Y (2047) chess.com INT 2017}) 9... Bc5+ $19 10. Kh1 {[#]} Qh4 $1 {[%csl Gg4][%cal Rh4h2][%mdl 512]} 11. h3 {[#]} Qg3 $1 {[%csl Gg4][%cal Rg3h2] Black mates.} 12. Qxg4 Bxg4 13. hxg4 Qh4# 0-1

[Event "GER-ch Blitz Women 2020"]
[Site "Magdeburg"]
[Date "2020.08.15"]
[Round "5.8"]
[White "Birkholz, Olga"]
[Black "Zeller, Elisa"]
[Result "0-1"]
[WhiteElo "2001"]
[BlackElo "1969"]
[Annotator "TA"]
[PlyCount "109"]
[EventDate "2020.07.28"]
[EventType "tourn"]
[EventCountry "GER"]
[SourceTitle "playchess.com"]
[Source "ChessBase"]
[SourceQuality "1"]

{[%evp 9,109,0,0,0,5,-24,11,0,0,-2,0,0,-5,-18,-12,-17,-17,-11,50,-16,4,14,55,6,11,8,36,39,49,4,202,116,128,109,90,88,80,54,197,45,67,40,102,25,50,0,70,-49,-23,-27,150,25,88,89,82,0,37,0,-10,-1,40,6,186,206,160,67,102,102,245,245,244,216,206,166,310,0,0,-141,-97,-8,-33,-133,0,-721,-707,-5285,-5226,-1122,-1233,-29976,-29977,-29977,-29978,-29978,-29979,-29979,-29979,-29969,-29970,-29981,-29982,-11460]} 1. e4 e6 2. Qe2 d5 3. exd5 Qxd5 4. Nc3 Qd7 {[#]} 5. f4 $146 ({Predecessor:} 5. Nf3 Nc6 6. b3 b6 7. Bb2 Bb7 8. O-O-O O-O-O 9. d4 Nf6 10. g3 Nd5 11. Nxd5 Qxd5 {1-0 (53) Sedlak,N (2512)-Bukal,V (2445) Sibenik 2005}) 5... Ne7 6. Nf3 {C00: French: Unusual White 2nd moves.} Nbc6 7. d3 g6 8. Be3 {The position is equal.} Bg7 9. g3 O-O 10. Bg2 Nf5 11. Bf2 Ncd4 12. Nxd4 Nxd4 13. Qd2 Re8 (13... Nb5 $11) 14. O-O (14. O-O-O $14) 14... c6 15. Ne4 f5 16. Ng5 (16. c3 $5 {[%cal Re4c5]} fxe4 17. cxd4 $14) 16... h6 17. Nh3 Qc7 18. c3 $36 {[%mdl 2048] Black is under pressure.} Nb5 $1 19. Rae1 e5 $2 (19... b6 $11) 20. fxe5 (20. a4 $1 $18 {[%cal Ra4b5]} Nd6 21. fxe5 Rxe5 22. Rxe5 Bxe5 23. Qxh6) 20... Rxe5 $16 21. Rxe5 Qxe5 22. Re1 Qf6 23. Re8+ Kh7 (23... Kf7 $1 $14 24. Re1 g5) 24. a4 $2 ({White should play} 24. Qe2 $18) 24... Nd6 25. Re1 Qf7 (25... Bd7 $14) 26. Be3 (26. Bc5 $16 {aiming for Qf4.} Bf8 27. Qf4) 26... Bd7 27. Rf1 Re8 (27... Qa2 $11) 28. Nf4 (28. Bxa7 $14 Nc8 29. Bc5) 28... g5 29. Nh3 Qe6 $2 {[#]} (29... Qh5 $11) 30. Bxa7 (30. Bxg5 $1 $16 {[%mdl 512]} Nf7 (30... hxg5 31. Nxg5+) 31. Bf4) 30... Qg6 (30... Nc8 $11 31. Bc5 Qa2) 31. Bc5 Nf7 32. g4 (32. Nf2 $16) 32... f4 33. Be4 Rxe4 34. dxe4 Bxg4 35. Nf2 Ne5 $2 (35... Bf3 $11 {and Black stays safe.}) 36. Nxg4 $18 Nxg4 37. h3 ({White should try} 37. Qd7 $16 Qh5 38. Qf5+ Kh8 39. Rd1 Qxh2+ {[%mdl 64] Double Attack} 40. Kf1 Qh3+ 41. Ke2 Qh2+ 42. Ke1 Qg3+ 43. Kd2) 37... Ne5 {[#]} 38. Bd4 $1 {[%cal Rd4e5] Threatens to win with Bxe5.} Qxe4 (38... Nc4 $16 {is a better defense.} 39. Qd3 Qe6) 39. Bxe5 $1 Qxe5 $16 {[%mdl 4096] Endgame KQR-KQB} 40. Re1 Qf5 41. Qg2 f3 {[#]} (41... Kg8 {might work better.} 42. Qg4 Qd5) 42. Qg3 $2 (42. Rf1 $1 $18) 42... h5 $1 $11 43. Rf1 (43. Kf2 $11 g4 44. hxg4 hxg4 45. Qh2+ Kg8 46. Qb8+ Bf8 47. Re8) 43... g4 $17 44. hxg4 (44. Re1 $17) 44... hxg4 $11 45. Qh2+ ({White has to play} 45. Re1 $1 $15) 45... Bh6 (45... Kg6 $17 {Strongly threatening ...Be5.} 46. Qd6+ Bf6) 46. Qg3 $2 {[%mdl 8192]} (46. Re1 $11 Kg8 47. b4) 46... Be3+ $19 47. Rf2 Bxf2+ 48. Kxf2 {KQ-KQ} Qc2+ 49. Ke3 Qe2+ {Black mates.} 50. Kf4 f2 51. Qh4+ Kg7 52. Qg5+ Kf7 53. Qf5+ Ke7 54. Qh7+ Kd6 55. Qg6+ {Accuracy: White = 37%, Black = 39%.} 0-1

[Event "GER-ch Blitz Women 2020"]
[Site "Magdeburg"]
[Date "2020.08.15"]
[Round "5.9"]
[White "Muetsch, Annmarie"]
[Black "Kosovska, Olena"]
[Result "1-0"]
[WhiteElo "2219"]
[BlackElo "1881"]
[Annotator "TA"]
[PlyCount "61"]
[EventDate "2020.07.28"]
[EventType "tourn"]
[EventCountry "GER"]
[SourceTitle "playchess.com"]
[Source "ChessBase"]
[SourceQuality "1"]

{[%evp 16,61,41,21,64,64,69,37,44,22,60,73,95,86,93,63,88,86,150,146,170,122,135,116,126,131,136,-168,-160,-232,-227,-332,266,242,253,158,304,41,35,37,578,551,682,675,667,620,6511,6265]} 1. e4 e5 2. Nf3 Nc6 3. d4 exd4 4. Nxd4 Nf6 5. Nxc6 bxc6 6. e5 Nd5 7. c4 Nb6 8. Bd3 d5 9. exd6 cxd6 {C45: Scotch Game.} 10. O-O Be7 11. Qh5 Nd7 {[#] White is slightly better.} 12. Nc3 $146 ({Predecessor:} 12. Bf4 Nf6 13. Qf3 Qd7 14. Nc3 O-O 15. Rad1 Bb7 16. Rd2 Qg4 17. Qxg4 Nxg4 18. Be2 {1-0 (52) Bagi,M (2224)-Gombar,P (2029) Slovakia 2010}) 12... Nf6 13. Qf3 Bd7 14. Re1 O-O 15. Bg5 Rb8 16. b3 d5 (16... Re8 $142) 17. cxd5 $16 {Hoping for Rxe7!} Nxd5 18. Bxe7 ({Don't take} 18. Nxd5 $6 Bxg5 19. Ne3 Qf6 $14) 18... Nxe7 19. Rad1 Ng6 20. Bf5 Nh4 21. Bxh7+ $2 {[%mdl 8192]} (21. Qe3 $16 Re8 22. Rxd7 Rxe3 23. Rxd8+ Rxd8 24. Bxh7+ $1 {[%mdl 512]} (24. Rxe3 Nxf5 25. Re4 f6 $11) 24... Kxh7 25. Rxe3) 21... Kxh7 $19 22. Qh5+ (22. Qe3 $17 {was necessary.}) 22... Kg8 23. Ne4 (23. Re4 $142 Ng6 24. Qc5) 23... g6 $4 {[%mdl 8192]} (23... Rb5 $19 {and all is fine.} 24. Nc5 g6) 24. Qh6 $18 {Ng5 is the strong threat.} Nf5 25. Qd2 Rb7 {[#]} (25... c5 $16) 26. Qb2 $2 ({Weaker is} 26. Nc5 Rb5 $16) (26. Qc3 $1 $18) 26... f6 $14 27. Nc5 $36 {[%mdl 2048] White has good play.} Qb6 $2 {[%mdl 8192]} (27... Qc8 $14) 28. Nxd7 $18 {White is clearly winning.} Rxd7 29. Rxd7 Qc5 30. Qc1 Rf7 31. Qxc5 {Accuracy: White = 38%, Black = 28%.} 1-0

[Event "GER-ch Blitz Women 2020"]
[Site "Magdeburg"]
[Date "2020.08.15"]
[Round "6.1"]
[White "Paehtz, Elisabeth"]
[Black "Kosovska, Olena"]
[Result "1-0"]
[WhiteElo "2473"]
[BlackElo "1881"]
[Annotator "TA"]
[PlyCount "87"]
[EventDate "2020.07.28"]
[EventType "tourn"]
[EventCountry "GER"]
[SourceTitle "playchess.com"]
[Source "ChessBase"]
[SourceQuality "1"]

{[%evp 12,87,29,15,40,36,36,35,50,40,97,106,90,95,112,2,8,0,0,0,15,0,0,0,0,0,0,0,139,112,90,21,16,-164,232,160,157,142,210,127,243,107,105,64,407,408,372,289,267,281,281,283,279,292,254,230,401,402,443,435,547,536,619,595,619,580,854,778,770,620,764,763,895,855,1118,1096,992,827]} 1. d4 g6 2. Nf3 Bg7 3. c3 d6 4. e4 Nf6 5. Bd3 O-O 6. Bg5 Nbd7 7. O-O c5 {B07: Pirc Defence: Miscellaneous Systems.} 8. d5 {[#]} a6 $146 ({Predecessor:} 8... Ne8 9. Qd2 Ne5 10. Nxe5 Bxe5 11. Bh6 Bg7 12. Bxg7 Kxg7 13. c4 e5 14. f4 f5 15. fxe5 dxe5 {½-½ (32) Santoux Canal,A (1951)-Ferre Navarro,J (1822) Barcelona 2015}) 9. a4 {[%cal Ba2a4,Ba4a5][%mdl 32]} Rb8 {White is slightly better.} 10. a5 e6 (10... b5 $14) 11. dxe6 $1 $16 fxe6 12. Nbd2 Qc7 13. Bc4 (13. Re1 $16) 13... d5 $11 14. exd5 exd5 15. Ba2 b5 16. Bh4 Qc6 $1 17. Bg3 $36 {[%mdl 2048] White is more active.} Ra8 18. Ne4 {[%mdl 64] Pin} Bb7 19. Nd6 Kh8 (19... Nh5 $1 $11 {keeps the balance.}) 20. Ng5 {Re1 is the strong threat.} c4 {[#]} 21. Ne6 ({Reject} 21. Nxb7 $6 Qxb7 22. Re1 Qa7 $11) ({White should try} 21. Re1 $1 $16) 21... d4 {[%csl Gb7][%cal Rc6g2]} 22. Nxb7 $2 (22. f3 $11 {and White stays safe.} Nh5 23. Nxd4 (23. Nxf8 Nxg3 24. hxg3 Qxd6 $15)) 22... Qxb7 $4 {[%mdl 8192]} (22... Qxe6 $19 {avoids the disaster.} 23. cxd4 Ne4) 23. Nxg7 ({Much less strong is} 23. cxd4 $6 Rfc8 $16) (23. Qxd4 Rfe8) 23... Kxg7 24. Qxd4 Rad8 (24... Qd5 $16) 25. Rad1 Nb8 (25... Rfe8 $16) 26. Qe5 (26. Qb6 $18 {has better winning chances.} Qxb6 27. axb6) 26... Nc6 $16 27. Qc5 Nxa5 $2 {[%mdl 8192] [#]} (27... Ne4 $14 28. Qb6 Qxb6 29. axb6 Nxg3 30. hxg3 Na5) 28. Rxd8 $1 $18 Rxd8 29. Qc7+ Qxc7 30. Bxc7 Rd2 31. Bxa5 Rxb2 32. Bb1 Nd5 33. Rd1 Nf4 $2 (33... Rb3 34. Rc1 Ra3) 34. Kf1 Rb3 35. g3 {White is clearly winning.} Ne6 36. Bb4 Ng5 37. Kg2 Rb2 38. h4 Ne6 39. Be4 Kf6 40. Rd6 Ke5 41. Bf3 h6 42. Rxa6 g5 43. hxg5 hxg5 44. Rb6 {Accuracy: White = 61%, Black = 41%.} 1-0